| 000 | 02506cam a2200517 4500 | ||
|---|---|---|---|
| 001 | J123000 | ||
| 008 | 030714n1998 000 0 eng u | ||
| 022 | _a1357-2326 | ||
| 035 | _a(Sirsi) u123000 | ||
| 041 | _aeng | ||
| 050 |
_a690.23 _c18 |
||
| 110 |
_aBuilding Cost Information Service _91096 |
||
| 245 | _aBCIS surveys of tender prices | ||
| 260 |
_aLondon _bBCIS _c1998- |
||
| 490 | _aBCIS Bulletin Service | ||
| 490 | _aBCIS Surveys of Tender Prices | ||
| 505 | _aExecutive summary | ||
| 505 | _aBuilding costs, preliminaries and dayworks | ||
| 505 | _aContract precentages : prelimaries - all project (quarterly), size of contact (quarterly), size of contract (annual) ; profit additions - nominated sub-contactors, nominated suppliers, daywork labour, daywork materials, daywork plant | ||
| 505 | _a£/sq m prices : new build ; rehabilitation/conversion | ||
| 505 | _aFunctional prices | ||
| 505 | _aPricing adjustment factors : location - Northern, Yorkshire and Humberside, East Midlands, East Anglia, South East, Greater London, South West, West Midlands, North West, Wales, Scotland, Northern Ireland, Channel Islands ; size of contract ; procurement ; type of work ; number of storeys ; building type | ||
| 505 | _aNotes and definitions | ||
| 520 | _aQuarterly publication consisting of analyses of current pricing levels. Prices are included from the BCIS survey of average building prices. Values are expressed in £/sq m of gross internal floor area and are adjusted to current prices using the BCIS indices. Functional prices are also included for various building types. Contains studies of cost differentials by size of contract, location and type of work, as well as the result of a survey of the percentages added for Preliminaries, Dayworks and sub-contract work. Filed in "BCIS bulletin service" Binder 1. | ||
| 650 | _aBUILT ENVIRONMENT-BUILDING COSTS | ||
| 650 | _aCHANNEL ISLANDS | ||
| 650 | _aCONTRACT PERCENTAGES | ||
| 650 | _aDAYWORK RATES | ||
| 650 | _aEAST ANGLIA | ||
| 650 | _aEAST MIDLANDS | ||
| 650 | _aHUMBERSIDE | ||
| 650 | _aLONDON | ||
| 650 | _aNORTHERN ENGLAND | ||
| 650 | _aNORTHERN IRELAND | ||
| 650 | _aNORTHWEST ENGLAND | ||
| 650 | _aPRELIMINARIES | ||
| 650 | _aPROCUREMENT METHODS | ||
| 650 | _aSCOTLAND | ||
| 650 | _aSOUTHEAST ENGLAND | ||
| 650 | _aSOUTHWEST ENGLAND | ||
| 650 | _aWALES | ||
| 650 | _aWEST MIDLANDS | ||
| 650 | _aYORKSHIRE | ||
| 690 | _aBUILT ENVIRONMENT-BUILDING COSTS | ||
| 942 | _n0 | ||
| 999 |
_c102976 _d102976 |
||